000 00538nam a2200193Ia 4500
008 220216s9999 xx 000 0 und d
100 _aSilva Manjula Dilkushi
245 0 _aEffects of added ammonia laurate soap on natural rubber latex
260 _bJournal of Rubber Research
_c2009
300 _a59-70
650 _aAmmonia laurate soap
650 _aConductivity
650 _aFoaming
650 _aMechanical Stability Time
650 _aNatural Rubber Latex
650 _aViscosity
700 _aWalpalage S
942 _cJS
999 _c58281
_d58281